[Event "COL-ch Students"]
[Site "Santa Fe"]
[Date "2023.09.24"]
[Round "4"]
[White "Munoz Romero, Cristian Camilo"]
[Black "Garcia Rojas, Miguel Angel"]
[Result "1-0"]
[WhiteElo "2064"]
[BlackElo "1749"]
[PlyCount "127"]
[EventDate "2023.09.23"]
[EventType "swiss"]
[EventRounds "6"]
[EventCountry "COL"]
[SourceTitle "EXT 2024"]
[Source "ChessBase"]
[SourceDate "2023.10.10"]
[SourceVersion "1"]
[SourceVersionDate "2023.10.10"]
[SourceQuality "1"]

1. d4 d5 2. Nf3 Nf6 3. c4 e6 4. g3 Be7 5. Bg2 c6 6. 0-0 0-0 7. b3 b6 8. Bb2 Ne4 9. Nbd2 Nxd2 10. Nxd2 Bb7 11. e4 dxe4 12. Nxe4 Nd7 13. Qc2 Nf6 14. Nc3 Qc7 15. Rad1 Rad8 16. Rfe1 Rfe8 17. Re2 Rd7 18. Red2 Red8 19. a3 a5 20. Na4 c5 21. Bxb7 Qxb7 22. dxc5 bxc5 23. Bxf6 gxf6 24. Rxd7 Rxd7 25. Rxd7 Qxd7 26. Kg2 f5 27. Qc3 Qd8 28. Qf3 Qd4 29. Nc3 Bf6 30. Nb5 Qe4 31. Qxe4 fxe4 32. Nd6 Bb2 33. a4 Ba3 34. Nxe4 Kg7 35. f4 Kg6 36. Kf3 h6 37. Nf2 Bb2 38. Ne4 Bd4 39. Nd6 Bc3 40. Nb7 Bb4 41. Ke4 Kf6 42. Nd8 Bc3 43. g4 Ke7 44. Nc6+ Kd6 45. Ne5 Ke7 46. h4 f6 47. Nd3 Bd4 48. f5 Kd6 49. fxe6 Kxe6 50. Nf4+ Kf7 51. Kd5 Bf2 52. h5 Bg1 53. Ne6 f5 54. gxf5 Kf6 55. Ke4 Bf2 56. Kf4 Bg1 57. Nd8 Bh2+ 58. Kg4 Bc7 59. Nb7 Bb6 60. Nd6 Bd8 61. Ne4+ Ke5 62. Nxc5 Be7 63. Nd7+ Kd4 64. f6 1-0

[Event "COL-chT"]
[Site "Ibague"]
[Date "2017.07.20"]
[Round "3.3"]
[White "Munoz Romero, Cristian Camilo"]
[Black "Ortiz, Jairo"]
[Result "1-0"]
[WhiteElo "2048"]
[BlackElo "1871"]
[PlyCount "37"]
[EventDate "2017.07.19"]
[EventType "team-swiss"]
[EventRounds "6"]
[EventCountry "COL"]
[SourceTitle "CBM 179 Extra"]
[Source "ChessBase"]
[SourceDate "2017.08.23"]
[SourceVersion "1"]
[SourceVersionDate "2017.08.23"]
[SourceQuality "1"]
[WhiteTeam "Cauca"]
[BlackTeam "Cesar"]
[WhiteTeamCountry "COL"]
[BlackTeamCountry "COL"]

1. d4 d5 2. Nf3 Nf6 3. Bg5 e6 4. Nbd2 Be7 5. e3 0-0 6. Bd3 c5 7. c3 Nbd7 8. 0-0 b6 9. Ne5 Bb7 10. f4 Ne4 11. Bxe7 Qxe7 12. Ndf3 Rad8 13. Qa4 Nxe5 14. dxe5 Qc7 15. Rfd1 Bc6 16. Qc2 Qb7 17. b4 c4 18. Bxe4 dxe4 19. Nd4 1-0

[Event "Bogota IRT Categoria B U17"]
[Site "Bogota"]
[Date "2013.10.23"]
[Round "4.3"]
[White "Sepulveda, Leidon Leonardo"]
[Black "Munoz Romero, Cristian Camilo"]
[Result "1-0"]
[WhiteElo "1539"]
[BlackElo "1992"]
[PlyCount "55"]
[EventDate "2013.10.22"]
[EventType "swiss"]
[EventRounds "5"]
[EventCountry "COL"]
[SourceTitle "EXT 2024"]
[Source "ChessBase"]
[SourceDate "2023.10.10"]
[SourceVersion "1"]
[SourceVersionDate "2023.10.10"]
[SourceQuality "1"]

1. Nf3 Nf6 2. b3 d6 3. d4 Nbd7 4. Bb2 c5 5. e3 e6 6. Bd3 Be7 7. 0-0 0-0 8. Nbd2 a6 9. e4 cxd4 10. Nxd4 Qc7 11. c4 Nc5 12. Bc2 e5 13. Ne2 b5 14. cxb5 axb5 15. Nc3 b4 16. Nd5 Nxd5 17. exd5 Ba6 18. Nc4 Na4 19. Bc1 Nc3 20. Qg4 Bc8 21. Qh5 g6 22. Qh6 Bb7 23. f4 Bxd5 24. f5 Bxc4 25. Rf3 Be2 26. Rh3 Bh5 27. Rxh5 Qc5+ 28. Kh1 1-0

[Event "COL-ch U16"]
[Site "Villavicencio"]
[Date "2013.06.15"]
[Round "6"]
[White "Olarte Parra, Jhoan Sebastian"]
[Black "Munoz Romero, Cristian Camilo"]
[Result "0-1"]
[WhiteElo "1961"]
[BlackElo "1938"]
[PlyCount "106"]
[EventDate "2013.06.13"]
[EventType "swiss"]
[EventRounds "7"]
[EventCountry "COL"]
[SourceTitle "EXT 2018"]
[Source "ChessBase"]
[SourceDate "2017.10.13"]
[SourceVersion "1"]
[SourceVersionDate "2017.10.13"]
[SourceQuality "1"]

1. e4 e5 2. Nf3 Nf6 3. d4 Nxe4 4. Bd3 d5 5. Nxe5 Nd7 6. Nc3 Nxc3 7. bxc3 Nxe5 8. dxe5 Be6 9. 0-0 g6 10. Rb1 Qc8 11. c4 dxc4 12. Be4 c6 13. Qf3 Kd7 14. Bg5 Bc5 15. Rfd1+ Kc7 16. Rd2 Re8 17. h3 Be7 18. Bxe7 Rxe7 19. Rd6 Bd7 20. Qg3 Re6 21. Rbd1 Rxd6 22. Rxd6 Be6 23. Qf3 Qe8 24. Qe3 h5 25. Qc5 a5 26. a4 Ra6 27. c3 g5 28. Kh2 Rb6 29. Qxa5 Bd5 30. Rxd5 cxd5 31. Qxd5 Qe6 32. Qc5+ Kb8 33. g3 h4 34. Qd4 hxg3+ 35. Kxg3 f6 36. exf6 Qxf6 37. Qxf6 Rxf6 38. f3 Rf4 39. Kf2 Ka7 40. Ke3 Ka6 41. Kd4 b5 42. axb5+ Kxb5 43. Ke5 Ka4 44. h4 Rxh4 45. Kf5 Rh1 46. Kxg5 Kb3 47. f4 Rf1 48. Kf5 Kxc3 49. Ke5 Kd2 50. f5 Ke3 51. Bc2 Kd2 52. Be4 Ke3 53. Bc2 Rf2 0-1

[Event "COL-ch U16"]
[Site "Villavicencio"]
[Date "2013.06.13"]
[Round "1"]
[White "Munoz Romero, Cristian Camilo"]
[Black "Posada, Juan Manuel"]
[Result "0-1"]
[WhiteElo "1938"]
[BlackElo "2097"]
[PlyCount "54"]
[EventDate "2013.06.13"]
[EventType "swiss"]
[EventRounds "7"]
[EventCountry "COL"]
[SourceTitle "EXT 2018"]
[Source "ChessBase"]
[SourceDate "2017.10.13"]
[SourceVersion "1"]
[SourceVersionDate "2017.10.13"]
[SourceQuality "1"]

1. c4 Nf6 2. Nc3 d6 3. d4 Nbd7 4. e4 e5 5. Nf3 Be7 6. Be2 0-0 7. 0-0 c6 8. d5 Re8 9. Re1 cxd5 10. Nxd5 Nxe4 11. Bd3 Nef6 12. Ng5 h6 13. Nxf7 Kxf7 14. Re3 Nxd5 15. Qh5+ Kg8 16. cxd5 Bf6 17. Bg6 Re7 18. Rg3 Nf8 19. Be4 Kh8 20. Qf3 Rf7 21. Qh5 Qe7 22. Rg6 Bd7 23. Bd2 Rc8 24. Re1 Rc4 25. Rg3 Bh4 26. Bg5 Bxg5 27. Rxg5 Rxe4 0-1

[Event "COL-ch U18"]
[Site "Florencia"]
[Date "2013.06.03"]
[Round "7"]
[White "Munoz Romero, Cristian Camilo"]
[Black "Zapata Arbelaes, Estiven"]
[Result "1-0"]
[WhiteElo "1942"]
[BlackElo "1979"]
[PlyCount "91"]
[EventDate "2013.05.31"]
[EventType "swiss"]
[EventRounds "7"]
[EventCountry "COL"]
[SourceTitle "CBM 154 Extra"]
[Source "ChessBase"]
[SourceDate "2013.06.25"]
[SourceVersion "2"]
[SourceVersionDate "2013.06.25"]
[SourceQuality "1"]

1. d4 d5 2. Nf3 c6 3. Bg5 h6 4. Bh4 Nf6 5. Nbd2 Bf5 6. e3 Nbd7 7. Be2 e6 8. Ne5 Be7 9. f4 Ne4 10. Bxe7 Qxe7 11. 0-0 Nxe5 12. fxe5 h5 13. Nxe4 Bxe4 14. Bd3 Qg5 15. Qe2 Bxd3 16. Qxd3 f5 17. Rf3 0-0 18. Raf1 Qe7 19. Rh3 g6 20. Qe2 Rf7 21. c4 Raf8 22. Rf4 Qb4 23. c5 b6 24. a3 Qa4 25. Rg3 Rg7 26. cxb6 axb6 27. Rf1 c5 28. Qd2 c4 29. Qf2 b5 30. Qf4 Kh7 31. Rg5 Re8 32. Qh4 Ree7 33. h3 Qc2 34. Rf3 Qxb2 35. Rfg3 Qxa3 36. e4 c3 37. exf5 exf5 38. Qf4 Qa1+ 39. Kh2 c2 40. Rxh5+ Kg8 41. Qh6 c1Q 42. Qh8+ Kf7 43. Rxf5+ gxf5 44. Rxg7+ Ke6 45. Rg6+ Kd7 46. Rd6+ 1-0

[Event "COL-ch U18"]
[Site "Florencia"]
[Date "2013.06.02"]
[Round "5"]
[White "Arismendi Polanco, Efrain Steven"]
[Black "Munoz Romero, Cristian Camilo"]
[Result "0-1"]
[WhiteElo "1800"]
[BlackElo "1942"]
[PlyCount "52"]
[EventDate "2013.05.31"]
[EventType "swiss"]
[EventRounds "7"]
[EventCountry "COL"]
[SourceTitle "CBM 154 Extra"]
[Source "ChessBase"]
[SourceDate "2013.06.25"]
[SourceVersion "2"]
[SourceVersionDate "2013.06.25"]
[SourceQuality "1"]

1. e4 e5 2. Nf3 Nf6 3. Nxe5 d6 4. Nf3 Nxe4 5. d4 d5 6. Bd3 Nc6 7. 0-0 Be7 8. Re1 Bg4 9. c4 Nf6 10. Nc3 0-0 11. cxd5 Nxd5 12. h3 Be6 13. a3 Bf6 14. Be4 Nce7 15. Ng5 h6 16. Nxe6 fxe6 17. Qg4 Bxd4 18. Bxh6 Nxc3 19. bxc3 Bxf2+ 20. Kh1 Rf7 21. Rf1 Nf5 22. Bxf5 exf5 23. Qg6 Qh4 24. Ra2 Qxh6 25. Qxh6 gxh6 26. Raxf2 Raf8 0-1

[Event "COL-ch U18"]
[Site "Florencia"]
[Date "2013.05.31"]
[Round "2"]
[White "Munoz Romero, Cristian Camilo"]
[Black "Florez, Luis Angel"]
[Result "1/2-1/2"]
[WhiteElo "1942"]
[BlackElo "2002"]
[PlyCount "73"]
[EventDate "2013.05.31"]
[EventType "swiss"]
[EventRounds "7"]
[EventCountry "COL"]
[SourceTitle "CBM 154 Extra"]
[Source "ChessBase"]
[SourceDate "2013.06.25"]
[SourceVersion "2"]
[SourceVersionDate "2013.06.25"]
[SourceQuality "1"]

1. c4 c6 2. g3 g6 3. Bg2 Bg7 4. Nc3 Nf6 5. e4 d6 6. Nge2 0-0 7. 0-0 Nbd7 8. d4 e5 9. b3 Re8 10. d5 c5 11. Bh3 Nf8 12. Bxc8 Qxc8 13. Kg2 Nh5 14. Ng1 f5 15. Nh3 f4 16. f3 Qd8 17. Rb1 h6 18. Qc2 g5 19. Nf2 Qd7 20. b4 Rec8 21. Qa4 b6 22. Ba3 Qxa4 23. Nxa4 Rab8 24. bxc5 bxc5 25. Rb3 Rxb3 26. axb3 Nd7 27. g4 Nhf6 28. Nd3 Ne8 29. Nc3 Bf6 30. Ra1 a6 31. Bb2 Nc7 32. Na4 Rb8 33. Nc1 Bd8 34. Bc3 Kf7 35. Ba5 Na8 36. Bxd8 Rxd8 37. Nc3 1/2-1/2

[Event "South Region-ch U16"]
[Site "Popayan"]
[Date "2013.04.04"]
[Round "4.3"]
[White "Agudelo, Pedro Luis"]
[Black "Munoz Romero, Cristian Camilo"]
[Result "0-1"]
[WhiteElo "1769"]
[BlackElo "1938"]
[PlyCount "76"]
[EventDate "2013.04.04"]
[EventType "swiss"]
[EventRounds "5"]
[EventCountry "COL"]
[SourceTitle "EXT 2024"]
[Source "ChessBase"]
[SourceDate "2023.10.10"]
[SourceVersion "1"]
[SourceVersionDate "2023.10.10"]
[SourceQuality "1"]

1. e4 c5 2. Nf3 d6 3. d4 cxd4 4. Nxd4 Nf6 5. Nc3 a6 6. Be2 e5 7. Nb3 Be6 8. Bg5 Nbd7 9. 0-0 Qc7 10. Rc1 Be7 11. Qd2 b5 12. a3 0-0 13. Rfd1 Rac8 14. h3 Rfd8 15. f4 Bc4 16. Kh1 a5 17. Bf3 h6 18. Bxf6 Bxf6 19. Nd5 Bxd5 20. Qxd5 exf4 21. c3 a4 22. Nd4 Bxd4 23. cxd4 Qxc1 24. Rxc1 Rxc1+ 25. Kh2 Nb6 26. Qxb5 Nc4 27. Qf5 Nxb2 28. Qxf4 Rc3 29. Qd2 Rb3 30. Bd1 Nxd1 31. Qxd1 Rxa3 32. Qc1 Rb3 33. Qc4 Ra8 34. Qd5 Rbb8 35. e5 a3 36. e6 a2 37. exf7+ Kh8 38. Qxd6 a1Q 0-1

[Event "South Region-ch U18"]
[Site "Florencia"]
[Date "2013.03.29"]
[Round "3.1"]
[White "Munoz Romero, Cristian Camilo"]
[Black "Florez, Luis Angel"]
[Result "0-1"]
[WhiteElo "1938"]
[BlackElo "2002"]
[PlyCount "44"]
[EventDate "2013.03.28"]
[EventType "tourn"]
[EventRounds "5"]
[EventCountry "COL"]
[SourceTitle "EXT 2024"]
[Source "ChessBase"]
[SourceDate "2023.10.10"]
[SourceVersion "1"]
[SourceVersionDate "2023.10.10"]
[SourceQuality "1"]

1. c4 c6 2. g3 g6 3. Bg2 Bg7 4. Nc3 Nf6 5. e4 d6 6. Nge2 0-0 7. 0-0 Nbd7 8. f4 e5 9. Rb1 Re8 10. d3 Qb6+ 11. Kh1 Ng4 12. Qe1 Nc5 13. Qd1 Na6 14. d4 exd4 15. Na4 Qa5 16. h3 Nf6 17. b4 Qh5 18. Kh2 Bg4 19. Re1 Nxe4 20. Qc2 Nf2 21. Kg1 Nxh3+ 22. Kf1 Bf5 0-1

[Event "Bogota McGregor op 3rd"]
[Site "Bogota"]
[Date "2012.12.15"]
[Round "6"]
[White "Martinez, Jorge Alexander"]
[Black "Munoz Romero, Cristian Camilo"]
[Result "0-1"]
[WhiteElo "2195"]
[BlackElo "1884"]
[PlyCount "124"]
[EventDate "2012.12.12"]
[EventType "swiss"]
[EventRounds "9"]
[EventCountry "COL"]
[SourceTitle "EXT 2014"]
[Source "ChessBase"]
[SourceDate "2013.11.20"]
[SourceVersion "1"]
[SourceVersionDate "2013.11.20"]
[SourceQuality "1"]

1. e4 e5 2. Nf3 Nf6 3. d4 Nxe4 4. Bd3 d5 5. Nxe5 Nd7 6. 0-0 Bd6 7. Re1 Nxe5 8. Bxe4 dxe4 9. Rxe4 0-0 10. dxe5 Bxe5 11. Qe1 f6 12. Nc3 Bf5 13. Re2 Qd4 14. Be3 Qb4 15. Nd5 Qxe1+ 16. Raxe1 Kf7 17. Bc5 Rfe8 18. Nxc7 Bxc7 19. Re7+ Rxe7 20. Rxe7+ Kg8 21. Rxc7 b6 22. Be3 Rc8 23. Rxa7 Rxc2 24. b3 Rb2 25. h4 Bb1 26. Bd4 Rxa2 27. Rb7 Rd2 28. Bxb6 Rd5 29. Be3 Rh5 30. g3 Be4 31. Rb8+ Kf7 32. f4 Bd3 33. b4 Rb5 34. Rd8 Bf5 35. Bc5 h5 36. Kf2 Rb7 37. Ke2 Ke6 38. Rh8 g6 39. Re8+ Kd5 40. Rf8 Ke4 41. Re8+ Kd5 42. Rf8 Ke4 43. Re8+ Kd5 44. Kd2 Kc4 45. Rf8 Rd7+ 46. Ke2 Bg4+ 47. Kf2 Rd2+ 48. Kg1 Rd1+ 49. Kg2 Rd2+ 50. Bf2 Kxb4 51. Rxf6 Bf5 52. Kf3 Rd3+ 53. Ke2 Ra3 54. Rc6 Ra2+ 55. Ke3 Kb5 56. Rc7 Bg4 57. Bg1 Ra3+ 58. Kf2 Ra2+ 59. Kf1 Bh3+ 60. Ke1 Ra1+ 61. Kf2 Rf1+ 62. Ke3 Rxg1 0-1

[Event "Bogota McGregor op 3rd"]
[Site "Bogota"]
[Date "2012.12.15"]
[Round "7"]
[White "Munoz Romero, Cristian Camilo"]
[Black "Mendoza, Rafael Enrique"]
[Result "0-1"]
[WhiteElo "1884"]
[BlackElo "2341"]
[PlyCount "76"]
[EventDate "2012.12.12"]
[EventType "swiss"]
[EventRounds "9"]
[EventCountry "COL"]
[SourceTitle "EXT 2014"]
[Source "ChessBase"]
[SourceDate "2013.11.20"]
[SourceVersion "1"]
[SourceVersionDate "2013.11.20"]
[SourceQuality "1"]

1. c4 e5 2. Nc3 Nf6 3. Nf3 Nc6 4. d3 d5 5. cxd5 Nxd5 6. g3 Be7 7. Bg2 Nb6 8. 0-0 0-0 9. Bd2 Kh8 10. Rc1 Bg4 11. h3 Bh5 12. g4 Bg6 13. Na4 e4 14. dxe4 Bxe4 15. Nc5 Bxc5 16. Rxc5 Qd6 17. Qc1 Rad8 18. Bf4 Qe7 19. e3 Nd5 20. Bg3 Ndb4 21. Ne5 Bxg2 22. Kxg2 f6 23. Nxc6 Nxc6 24. a3 a6 25. b4 Rd3 26. Qb2 Rfd8 27. Rfc1 Qe4+ 28. Kh2 Rd1 29. Rxd1 Rxd1 30. f3 Qxf3 31. Qg2 Qxe3 32. Rc2 Nd4 33. Rf2 c6 34. Bf4 Qe6 35. g5 f5 36. h4 Kg8 37. h5 g6 38. h6 Qe4 0-1

[Event "COL-ch Intercoleg-A"]
[Site "Bucaramanga"]
[Date "2011.10.19"]
[Round "1.8"]
[White "Arias Monsalve, Andres Felipe"]
[Black "Munoz Romero, Cristian Camilo"]
[Result "1-0"]
[WhiteElo "1467"]
[BlackElo "1947"]
[PlyCount "53"]
[EventDate "2011.10.19"]
[EventType "swiss"]
[EventRounds "6"]
[EventCountry "COL"]
[SourceTitle "EXT 2024"]
[Source "ChessBase"]
[SourceDate "2023.10.10"]
[SourceVersion "1"]
[SourceVersionDate "2023.10.10"]
[SourceQuality "1"]

1. e4 e5 2. Nf3 Nf6 3. Nc3 Bb4 4. Bc4 0-0 5. Qe2 Nc6 6. 0-0 d6 7. d3 Bg4 8. h3 Bh5 9. g4 Bg6 10. Nd1 h5 11. c3 Bc5 12. Nh4 Kh7 13. Bg5 hxg4 14. hxg4 Qd7 15. Bxf6 gxf6 16. Qf3 Rg8 17. Kh2 Kg7 18. Ne3 Rh8 19. Kg3 Ne7 20. Rh1 b5 21. Bb3 a5 22. g5 Bh5 23. Qxf6+ Kg8 24. g6 Bxg6 25. Nxg6 Nxg6 26. Rxh8+ Nxh8 27. Nf5 1-0